[Event "Manizales Las Americas op-A"]
[Site "Manizales"]
[Date "2021.10.16"]
[Round "6"]
[White "Soto, Cristian Camilo"]
[Black "Juarez Flores, Gustavo Enrique"]
[Result "0-1"]
[WhiteElo "2078"]
[BlackElo "2108"]
[PlyCount "102"]
[EventDate "2021.10.14"]
[EventType "swiss"]
[EventRounds "10"]
[EventCountry "COL"]
[SourceTitle "CBM 204 Extra"]
[Source "ChessBase"]
[SourceDate "2021.11.30"]
[SourceVersion "1"]
[SourceVersionDate "2021.11.30"]
[SourceQuality "1"]

1. c4 e5 2. Nc3 Nf6 3. Nf3 d6 4. d4 exd4 5. Nxd4 g6 6. e3 Bg7 7. Be2 0-0 8. 0-0 Nc6 9. b3 Bd7 10. Bb2 Re8 11. Bf3 Rb8 12. Nxc6 Bxc6 13. Bxc6 bxc6 14. Qd2 c5 15. Rad1 Qc8 16. Rfe1 Qb7 17. f3 Re6 18. e4 Rbe8 19. Nd5 Nd7 20. Bxg7 Kxg7 21. Qc3+ f6 22. h4 Ne5 23. g4 g5 24. hxg5 fxg5 25. Ne3 Kg8 26. Nf5 Qb4 27. Qe3 Rg6 28. Kg2 Qa3 29. Rd2 h6 30. Rh1 Ree6 31. Kg3 Kf8 32. Rdh2 Nf7 33. f4 gxf4+ 34. Qxf4 Ke8 35. e5 Qa5 36. Re2 Nxe5 37. Rxh6 Rxh6 38. Nxh6 Qc3+ 39. Kg2 Rxh6 40. Rxe5+ Qxe5 41. Qxh6 Qb2+ 42. Kf3 Qxa2 43. Qe3+ Kd7 44. g5 Qc2 45. Kf4 c6 46. Qh3+ Ke7 47. Qh6 Qf2+ 48. Ke4 Qe2+ 49. Kf4 Qe5+ 50. Kg4 Qe2+ 51. Kg3 Qe4 0-1

[Event "Manizales Las Americas op-A"]
[Site "Manizales"]
[Date "2021.10.14"]
[Round "1"]
[White "Juarez Flores, Gustavo Enrique"]
[Black "Leiva Rodriguez, Jeammarco Giuseppe"]
[Result "0-1"]
[WhiteElo "2108"]
[BlackElo "2391"]
[PlyCount "102"]
[EventDate "2021.10.14"]
[EventType "swiss"]
[EventRounds "10"]
[EventCountry "COL"]
[SourceTitle "CBM 204 Extra"]
[Source "ChessBase"]
[SourceDate "2021.11.30"]
[SourceVersion "1"]
[SourceVersionDate "2021.11.30"]
[SourceQuality "1"]

1. e4 c5 2. Nc3 d6 3. g3 g6 4. Bg2 Bg7 5. Nge2 Nc6 6. d3 e6 7. 0-0 Nge7 8. Be3 0-0 9. Qd2 Nd4 10. Nd1 d5 11. c3 Nxe2+ 12. Qxe2 d4 13. Bd2 e5 14. c4 Be6 15. f4 Qd7 16. Nf2 exf4 17. Bxf4 h6 18. h4 f6 19. g4 Nc6 20. e5 f5 21. gxf5 Bxf5 22. Ne4 Qe7 23. Qd2 Bxe5 24. Bxe5 Nxe5 25. Qxh6 Ng4 26. Qg5 Qxg5 27. hxg5 Ne3 28. Rf4 Bxe4 29. Rxf8+ Rxf8 30. Bxe4 Kg7 31. a3 b6 32. b4 Rf4 33. bxc5 bxc5 34. Rb1 Rg4+ 35. Kf2 Rxg5 36. Rb7+ Kf6 37. Rxa7 Ng4+ 38. Ke2 Ke5 39. Rg7 Nf6 40. Re7+ Kd6 41. Ra7 Nxe4 42. dxe4 Rg3 43. a4 Rc3 44. a5 Rxc4 45. Ra6+ Ke5 46. Rxg6 Kxe4 47. Rg8 Rc2+ 48. Kd1 Ra2 49. Ra8 c4 50. a6 c3 51. a7 Kd3 0-1

[Event "Caissa Guatemala Online"]
[Site "Chess.com INT"]
[Date "2021.01.23"]
[Round "1"]
[White "Juarez Flores, Gustavo Enrique"]
[Black "Juarez Garcia, Josue"]
[Result "1-0"]
[WhiteElo "2108"]
[BlackElo "1533"]
[PlyCount "85"]
[EventDate "2021.01.23"]
[EventType "swiss (blitz)"]
[EventRounds "7"]
[EventCountry "GUA"]
[SourceTitle "CBM 200 Extra"]
[Source "ChessBase"]
[SourceDate "2021.03.31"]
[SourceVersion "1"]
[SourceVersionDate "2021.03.31"]
[SourceQuality "1"]

1. e4 e5 2. Nf3 Nc6 3. Nc3 d6 4. d4 Bg4 5. Bb5 a6 6. Bxc6+ bxc6 7. dxe5 Bxf3 8. Qxf3 dxe5 9. 0-0 Nf6 10. Rd1 Bd6 11. Bg5 h6 12. Bxf6 Qxf6 13. Qxf6 gxf6 14. Ne2 Rb8 15. b3 Rg8 16. Ng3 Kd7 17. Nf5 h5 18. Rd3 Rbd8 19. Rad1 Ke6 20. c4 c5 21. h4 a5 22. f3 Rg6 23. Kf2 Rgg8 24. Rd5 Rd7 25. Ne3 Rh8 26. Kg3 Rdd8 27. Kh3 Rdg8 28. g4 Rh7 29. Nf5 Rd8 30. gxh5 Rhh8 31. h6 Rh7 32. Kg4 Rg8+ 33. Kh3 Rd8 34. Kg4 Rg8+ 35. Kh5 Rd8 36. Ng7+ Ke7 37. Nf5+ Ke6 38. Rxc5 Ra8 39. Rcd5 Bf8 40. Rd7 Rc8 41. Rd8 Rxd8 42. Rxd8 Bd6 43. Rg8 1-0

[Event "Caissa Guatemala Online"]
[Site "Chess.com INT"]
[Date "2021.01.23"]
[Round "3"]
[White "Juarez Flores, Gustavo Enrique"]
[Black "Koolen, Tom"]
[Result "1-0"]
[WhiteElo "2108"]
[BlackElo "1503"]
[PlyCount "59"]
[EventDate "2021.01.23"]
[EventType "swiss (blitz)"]
[EventRounds "7"]
[EventCountry "GUA"]
[SourceTitle "CBM 200 Extra"]
[Source "ChessBase"]
[SourceDate "2021.03.31"]
[SourceVersion "1"]
[SourceVersionDate "2021.03.31"]
[SourceQuality "1"]

1. e4 e5 2. Nf3 Nc6 3. Nc3 Bc5 4. Nxe5 Nxe5 5. d4 Bxd4 6. Qxd4 Qf6 7. Be3 Nc6 8. Qd2 d6 9. 0-0-0 Be6 10. f3 Nb4 11. a3 a5 12. Bd4 Qg6 13. axb4 axb4 14. Nb1 Ra1 15. b3 Ra2 16. Qxb4 Ne7 17. Bb2 0-0 18. Na3 Ra8 19. Kb1 c5 20. Qxb7 R2xa3 21. Qxe7 Ra2 22. Rxd6 Rxb2+ 23. Kxb2 h5 24. Rd8+ Rxd8 25. Qxd8+ Kh7 26. Qh4 Qh6 27. Bd3 g6 28. Ra1 Qe3 29. Qf6 Qf2 30. Ra8 1-0

[Event "Titled Tuesday intern op 06th Oct"]
[Site "Chess.com INT"]
[Date "2020.10.06"]
[Round "5"]
[White "Juarez Flores, Gustavo Enrique"]
[Black "Arfan, Aditya Bagus"]
[Result "0-1"]
[WhiteElo "2108"]
[BlackElo "2274"]
[PlyCount "78"]
[EventDate "2020.10.06"]
[EventType "swiss (blitz)"]
[EventRounds "10"]
[EventCountry "USA"]
[SourceTitle "CBM 198 Extra"]
[Source "ChessBase"]
[SourceDate "2020.11.30"]
[SourceVersion "1"]
[SourceVersionDate "2020.11.30"]
[SourceQuality "1"]

1. e4 d5 2. exd5 Qxd5 3. Nc3 Qd6 4. d4 g6 5. g3 Bg7 6. Nf3 Nf6 7. Bg2 0-0 8. 0-0 c6 9. Bf4 Qd8 10. Re1 Nbd7 11. Qe2 Re8 12. Rad1 Nb6 13. Ne5 Be6 14. b3 Rc8 15. Ne4 Nbd5 16. Bd2 Nxe4 17. Qxe4 Nf6 18. Qe3 Qb6 19. c3 Rcd8 20. Bc1 Qa5 21. Re2 Nd5 22. Qd2 Qxc3 23. Bb2 Qxd2 24. Rexd2 Nb6 25. h3 Bd5 26. Ba3 Bxg2 27. Kxg2 Nd5 28. Bc5 Bxe5 29. dxe5 b6 30. Bd4 e6 31. Bb2 Rd7 32. a3 Red8 33. Kf3 Kf8 34. Ke4 Nf6+ 35. Ke3 Rxd2 36. Rxd2 Nd5+ 37. Ke2 Ke7 38. f4 h6 39. b4 c5 0-1

[Event "Titled Tuesday intern op 06th Oct"]
[Site "Chess.com INT"]
[Date "2020.10.06"]
[Round "10"]
[White "Juarez Flores, Gustavo Enrique"]
[Black "Lopez Idarraga, Daniel Eduardo"]
[Result "1/2-1/2"]
[WhiteElo "2108"]
[BlackElo "2009"]
[PlyCount "123"]
[EventDate "2020.10.06"]
[EventType "swiss (blitz)"]
[EventRounds "10"]
[EventCountry "USA"]
[SourceTitle "CBM 198 Extra"]
[Source "ChessBase"]
[SourceDate "2020.11.30"]
[SourceVersion "1"]
[SourceVersionDate "2020.11.30"]
[SourceQuality "1"]

1. e4 e6 2. d3 d5 3. Nd2 Nf6 4. g3 Bc5 5. Bg2 dxe4 6. dxe4 Nc6 7. Ngf3 e5 8. 0-0 0-0 9. h3 h6 10. Qe2 Be6 11. c3 Qd7 12. Kh2 Rad8 13. Nb3 Bb6 14. Be3 Qd3 15. Qxd3 Rxd3 16. Bxb6 axb6 17. Rad1 Rfd8 18. Rxd3 Rxd3 19. Nfd2 Na5 20. Kg1 Nxb3 21. Nxb3 Bxb3 22. axb3 Rd2 23. Rb1 Nd7 24. Kf1 Nc5 25. Ke1 Nxb3 26. Bf1 Rd6 27. Bc4 Nc5 28. f3 Nd3+ 29. Bxd3 Rxd3 30. Ke2 Rd6 31. Ra1 b5 32. Ra7 Rb6 33. Ra8+ Kh7 34. Rc8 c6 35. Rc7 Kg6 36. b4 Kf6 37. Ke3 g5 38. f4 gxf4+ 39. gxf4 exf4+ 40. Kxf4 Ke6 41. e5 f6 42. exf6 Kxf6 43. Rh7 Kg6 44. Rc7 Kf6 45. h4 Ke6 46. Rh7 Kd5 47. Rxh6 Kc4 48. Re6 Kxc3 49. h5 Kxb4 50. h6 Ra6 51. h7 Ra8 52. Re7 Kc3 53. Rxb7 b4 54. Rc7 b3 55. Rxc6+ Kd2 56. Rb6 Kc2 57. Kg5 b2 58. Kg6 b1Q 59. Rxb1 Kxb1 60. Kg7 Ra7+ 61. Kg8 Rxh7 62. Kxh7 1/2-1/2

[Event "Titled Tuesday intern op 06th Oct"]
[Site "Chess.com INT"]
[Date "2020.10.06"]
[Round "4"]
[White "Juarez Flores, Gustavo Enrique"]
[Black "Sviridova, Vlada"]
[Result "0-1"]
[WhiteElo "2108"]
[BlackElo "2144"]
[PlyCount "58"]
[EventDate "2020.10.06"]
[EventType "swiss (blitz)"]
[EventRounds "10"]
[EventCountry "USA"]
[SourceTitle "CBM 198 Extra"]
[Source "ChessBase"]
[SourceDate "2020.11.30"]
[SourceVersion "1"]
[SourceVersionDate "2020.11.30"]
[SourceQuality "1"]

1. e4 e6 2. d4 d5 3. e5 c5 4. c3 Qb6 5. Nf3 Nc6 6. dxc5 Bxc5 7. Qc2 Bd7 8. Bd3 h6 9. 0-0 a5 10. a4 Nge7 11. Na3 0-0 12. Nb5 Na7 13. Nxa7 Qxa7 14. Qe2 Nc6 15. Bc2 Qb8 16. Qd3 f5 17. exf6 Rxf6 18. Qh7+ Kf7 19. Nh4 Ne7 20. b4 axb4 21. cxb4 Qe5 22. Ra3 Bxf2+ 23. Kh1 Bxh4 24. Rxf6+ Bxf6 25. Re3 Qf4 26. Re1 Qc4 27. Bd3 Qc3 28. Rf1 Rc8 29. Rxf6+ Qxf6 0-1

[Event "Titled Tuesday intern op 22nd Sept"]
[Site "Chess.com INT"]
[Date "2020.09.22"]
[Round "4"]
[White "Kabanova, Ekaterina"]
[Black "Juarez Flores, Gustavo Enrique"]
[Result "0-1"]
[WhiteElo "2138"]
[BlackElo "2108"]
[PlyCount "90"]
[EventDate "2020.09.22"]
[EventType "swiss (blitz)"]
[EventRounds "10"]
[EventCountry "USA"]
[SourceTitle "CBM 198 Extra"]
[Source "ChessBase"]
[SourceDate "2020.11.30"]
[SourceVersion "1"]
[SourceVersionDate "2020.11.30"]
[SourceQuality "1"]

1. c4 e5 2. e3 d6 3. a3 g6 4. b4 Bg7 5. Bb2 Ne7 6. Qc2 0-0 7. d3 Bf5 8. Nd2 c5 9. Be2 Nbc6 10. b5 Na5 11. Bf3 Rb8 12. Ne2 b6 13. Ng3 Bd7 14. h4 h6 15. Bc3 Nb7 16. a4 f5 17. a5 Nxa5 18. Nb3 Nxb3 19. Qxb3 Qc7 20. 0-0 Be6 21. Ra4 Nc8 22. Rfa1 Qf7 23. Qb2 Qe7 24. h5 g5 25. Bc6 Bd7 26. Bd5+ Be6 27. d4 Bxd5 28. cxd5 e4 29. dxc5 bxc5 30. Ra6 Bxc3 31. Qxc3 Rxb5 32. Rc6 Rb7 33. Raa6 Nb6 34. Qa1 Rf7 35. Ne2 Rd7 36. Nc3 Qe5 37. Qa5 Nxd5 38. Rc8+ Kg7 39. Nb5 f4 40. Rxa7 Rxa7 41. Qd8 Ra1+ 42. Kh2 fxe3+ 43. g3 Rxf2+ 44. Kh3 Qf5+ 45. g4 Qf3# 0-1

[Event "Titled Tuesday intern op 25th Aug"]
[Site "Chess.com INT"]
[Date "2020.08.25"]
[Round "1"]
[White "Juarez Flores, Gustavo Enrique"]
[Black "Amanov, Zhanibek"]
[Result "0-1"]
[WhiteElo "2108"]
[BlackElo "2338"]
[PlyCount "50"]
[EventDate "2020.08.25"]
[EventType "swiss (blitz)"]
[EventRounds "10"]
[EventCountry "USA"]
[SourceTitle "CBM 198 Extra"]
[Source "ChessBase"]
[SourceDate "2020.11.30"]
[SourceVersion "1"]
[SourceVersionDate "2020.11.30"]
[SourceQuality "1"]

1. e4 c5 2. Nc3 e6 3. g3 d5 4. d3 Nf6 5. Bg2 dxe4 6. Nxe4 Nxe4 7. Bxe4 Bd6 8. Ne2 Nc6 9. 0-0 0-0 10. Be3 e5 11. Bg2 f5 12. f4 Be6 13. Qd2 Qd7 14. fxe5 Nxe5 15. Bf4 Rae8 16. Nc3 b6 17. Rae1 Bf7 18. Re3 Ng4 19. Rxe8 Rxe8 20. Bxd6 Qxd6 21. Ne2 Ne3 22. Rf2 Nxg2 23. Rxg2 Bd5 24. Rf2 Qe5 25. Nc3 Bc6 0-1

[Event "Titled Tuesday intern op 25th Aug"]
[Site "Chess.com INT"]
[Date "2020.08.25"]
[Round "7"]
[White "Yang, Kevin S"]
[Black "Juarez Flores, Gustavo Enrique"]
[Result "1-0"]
[WhiteElo "2275"]
[BlackElo "2108"]
[PlyCount "113"]
[EventDate "2020.08.25"]
[EventType "swiss (blitz)"]
[EventRounds "10"]
[EventCountry "USA"]
[SourceTitle "CBM 198 Extra"]
[Source "ChessBase"]
[SourceDate "2020.11.30"]
[SourceVersion "1"]
[SourceVersionDate "2020.11.30"]
[SourceQuality "1"]

1. d4 Nf6 2. Nc3 g6 3. h4 h5 4. Bg5 Bg7 5. f3 d6 6. Qd2 c6 7. e4 b5 8. a4 b4 9. Nd1 a5 10. Bd3 Ba6 11. Nf2 Qb6 12. Ne2 Nbd7 13. Bxa6 Qxa6 14. Nd3 Rc8 15. c3 c5 16. Kf2 bxc3 17. bxc3 cxd4 18. cxd4 0-0 19. Rhc1 Qa7 20. Be3 Qa6 21. Nc3 Rc4 22. Nb5 Rfc8 23. Nb2 Rxc1 24. Rxc1 Rxc1 25. Qxc1 Qb7 26. Nc4 Nb6 27. Nxa5 Qa6 28. Nc6 e6 29. Nxd6 Qxa4 30. d5 Bf8 31. Nxf7 Qa2+ 32. Kg1 Nc4 33. dxe6 Nxe3 34. Qxe3 Qxe6 35. Nfd8 Qd7 36. Qb3+ Kh7 37. Qf7+ Qxf7 38. Nxf7 Kg7 39. Ng5 Bc5+ 40. Kh2 Nd7 41. Ne6+ Kf6 42. Nxc5 Nxc5 43. Kg3 Nd3 44. Nd4 g5 45. hxg5+ Kxg5 46. Ne6+ Kf6 47. Nf4 Ne1 48. Nxh5+ Kg5 49. Nf4 Nc2 50. Nh3+ Kf6 51. Kf4 Nd4 52. g4 Ne2+ 53. Ke3 Nc1 54. g5+ Ke5 55. f4+ Ke6 56. f5+ Kf7 57. Nf4 1-0

[Event "Titled Tuesday intern op 18th Aug"]
[Site "Chess.com INT"]
[Date "2020.08.18"]
[Round "8"]
[White "Juarez Flores, Gustavo Enrique"]
[Black "Albuquerque, Wellington S Jr"]
[Result "1-0"]
[WhiteElo "2108"]
[BlackElo "2209"]
[PlyCount "77"]
[EventDate "2020.08.18"]
[EventType "swiss (blitz)"]
[EventRounds "10"]
[EventCountry "USA"]
[SourceTitle "CBM 197 Extra"]
[Source "ChessBase"]
[SourceDate "2020.09.30"]
[SourceVersion "1"]
[SourceVersionDate "2020.09.30"]
[SourceQuality "1"]

1. d4 Nf6 2. c4 c5 3. d5 b5 4. cxb5 a6 5. b6 Qxb6 6. Nc3 g6 7. Nf3 Bg7 8. e4 0-0 9. Nd2 d6 10. a4 Nbd7 11. Nc4 Qc7 12. a5 Ne8 13. Be2 Rb8 14. 0-0 Ne5 15. Nxe5 Bxe5 16. Qc2 Bg7 17. Bc4 Qb7 18. Qe2 Nc7 19. Na4 Nb5 20. Nb6 Bd7 21. Rb1 Nd4 22. Qd1 Bb5 23. Qd3 Qc7 24. Be3 Bxc4 25. Qxc4 Nb5 26. Rfc1 Rb7 27. b4 cxb4 28. Rxb4 Qxc4 29. Rbxc4 h5 30. h3 Re8 31. Rc8 Rxc8 32. Rxc8+ Kh7 33. Rc6 Bd4 34. Nc8 Bxe3 35. fxe3 Kg7 36. Rxa6 Nc3 37. Rb6 Rd7 38. a6 Nxe4 39. a7 1-0

[Event "Titled Tuesday intern op 18th Aug"]
[Site "Chess.com INT"]
[Date "2020.08.18"]
[Round "1"]
[White "Juarez Flores, Gustavo Enrique"]
[Black "Mortazavi, Ali"]
[Result "0-1"]
[WhiteElo "2108"]
[BlackElo "2333"]
[PlyCount "40"]
[EventDate "2020.08.18"]
[EventType "swiss (blitz)"]
[EventRounds "10"]
[EventCountry "USA"]
[SourceTitle "CBM 197 Extra"]
[Source "ChessBase"]
[SourceDate "2020.09.30"]
[SourceVersion "1"]
[SourceVersionDate "2020.09.30"]
[SourceQuality "1"]

1. e4 c6 2. d4 d5 3. e5 Bf5 4. Nf3 e6 5. Be2 Ne7 6. Nh4 Bg6 7. c4 dxc4 8. Nxg6 hxg6 9. Bxc4 Nd7 10. Nc3 Nb6 11. Bb3 Nf5 12. Ne4 Qxd4 13. Qxd4 Nxd4 14. Bd1 Bb4+ 15. Nc3 0-0-0 16. Bd2 Nc4 17. Ne4 Nxd2 18. Nd6+ Bxd6 19. exd6 Ne4 20. f3 Ng3 0-1

[Event "Online Olym Div2 D"]
[Site "Chess.com INT"]
[Date "2020.08.15"]
[Round "6.2"]
[White "Juarez Flores, Gustavo Enrique"]
[Black "Bosiocic, Marin"]
[Result "0-1"]
[WhiteElo "2113"]
[BlackElo "2625"]
[PlyCount "86"]
[EventDate "2020.08.14"]
[EventType "team-tourn (rapid)"]
[EventRounds "9"]
[EventCountry "USA"]
[SourceTitle "CBM 198"]
[Source "ChessBase"]
[SourceDate "2020.10.31"]
[SourceVersion "1"]
[SourceVersionDate "2020.10.31"]
[SourceQuality "1"]
[WhiteTeam "Guatemala"]
[BlackTeam "Croatia"]
[WhiteTeamCountry "GUA"]
[BlackTeamCountry "CRO"]

1. e4 d6 2. d4 Nf6 3. Nc3 e5 4. Nge2 c6 5. h3 h5 6. Be3 b5 7. a3 Be7 8. g3 0-0 9. Bg2 a5 10. 0-0 Bb7 11. Qd2 Nbd7 12. f4 Re8 13. dxe5 dxe5 14. f5 Bc5 15. Rad1 Qb6 16. Bxc5 Nxc5 17. Kh2 b4 18. Nb1 Ncxe4 19. Qd3 Rad8 20. Qf3 Ba6 21. axb4 Ng5 22. Qxc6 Qxc6 23. Bxc6 Bxe2 24. Rxd8 Rxd8 25. Rf2 Ba6 26. b5 Bc8 27. b6 Ba6 28. Rd2 Rb8 29. h4 Nge4 30. Bxe4 Nxe4 31. Rd7 Rxb6 32. Rd8+ Kh7 33. b3 a4 34. Ra8 axb3 35. cxb3 Rxb3 36. Rxa6 Rxb1 37. Ra7 f6 38. Ra5 Rb2+ 39. Kh3 Nf2+ 40. Kg2 Ng4+ 41. Kf3 Rb3+ 42. Kg2 Ne3+ 43. Kf2 Nxf5 0-1

[Event "Titled Tuesday intern op 11th Aug"]
[Site "Chess.com INT"]
[Date "2020.08.11"]
[Round "10"]
[White "Juarez Flores, Gustavo Enrique"]
[Black "Toncheva, Nadya"]
[Result "1-0"]
[WhiteElo "2108"]
[BlackElo "2155"]
[PlyCount "109"]
[EventDate "2020.08.11"]
[EventType "swiss (blitz)"]
[EventRounds "10"]
[EventCountry "USA"]
[SourceTitle "CBM 197 Extra"]
[Source "ChessBase"]
[SourceDate "2020.09.30"]
[SourceVersion "1"]
[SourceVersionDate "2020.09.30"]
[SourceQuality "1"]

1. c4 Nf6 2. Nc3 g6 3. g3 Bg7 4. Bg2 0-0 5. d3 e5 6. e4 d6 7. Nge2 Nc6 8. h3 Nd7 9. Be3 f5 10. exf5 gxf5 11. Qd2 Nd4 12. Nb5 Nxb5 13. cxb5 Nf6 14. Bh6 Qe8 15. Bxg7 Kxg7 16. a4 Be6 17. Bxb7 Rd8 18. Bg2 d5 19. d4 e4 20. Nf4 Bf7 21. 0-0 Kh8 22. Rfe1 Rg8 23. Rac1 Qe7 24. Qc3 Ne8 25. b4 h5 26. h4 Rg4 27. Qc6 Rd6 28. Qc5 Rxf4 29. gxf4 Qxh4 30. Re3 Qxf4 31. Qxa7 Rg6 32. Rxc7 Nxc7 33. Qb8+ Kh7 34. b6 Ne6 35. Qxf4 Nxf4 36. Rg3 Ne2+ 37. Kh2 Nxg3 38. a5 Be6 39. b7 Rg8 40. a6 Rb8 41. a7 Rxb7 42. a8Q Rg7 43. fxg3 h4 44. gxh4 f4 45. Qe8 Bf7 46. Qe5 f3 47. Bxf3 exf3 48. Qf5+ Bg6 49. Qxf3 Be4 50. Qf4 Rg2+ 51. Kh3 Rb2 52. Qf7+ Kh8 53. Kg4 Rxb4 54. Qf8+ Kh7 55. Qxb4 1-0

[Event "Titled Tuesday intern op 4th Aug 10am"]
[Site "Chess.com INT"]
[Date "2020.08.04"]
[Round "2"]
[White "Juarez Flores, Gustavo Enrique"]
[Black "Hamley, Ryan"]
[Result "0-1"]
[WhiteElo "2108"]
[BlackElo "2089"]
[PlyCount "80"]
[EventDate "2020.08.04"]
[EventType "swiss (blitz)"]
[EventRounds "10"]
[EventCountry "USA"]
[SourceTitle "CBM 197 Extra"]
[Source "ChessBase"]
[SourceDate "2020.09.30"]
[SourceVersion "1"]
[SourceVersionDate "2020.09.30"]
[SourceQuality "1"]

1. c4 Nf6 2. Nc3 e5 3. g3 d5 4. cxd5 Nxd5 5. Bg2 Nxc3 6. bxc3 c5 7. d3 Nc6 8. Nf3 Be7 9. 0-0 0-0 10. Rb1 Qc7 11. c4 Rd8 12. Qb3 Rb8 13. Bb2 b6 14. Bc3 Bb7 15. Qb2 f6 16. Rfd1 Bf8 17. Nd2 g6 18. Nf1 Nd4 19. Bxb7 Qxb7 20. e4 Bh6 21. Ne3 Bxe3 22. fxe3 Ne6 23. Rd2 Rd7 24. Rbd1 Rbd8 25. a4 Ng5 26. Kf2 Rd6 27. h4 Nf7 28. a5 Qd7 29. Kg2 Qg4 30. axb6 axb6 31. Qb1 f5 32. exf5 gxf5 33. d4 cxd4 34. exd4 exd4 35. Bb4 Re6 36. Rf2 Re2 37. Qxf5 Qxf5 38. Rxe2 d3 39. Red2 Qe4+ 40. Kh2 Ne5 0-1

[Event "Titled Tuesday intern op 4th Aug 10am"]
[Site "Chess.com INT"]
[Date "2020.08.04"]
[Round "7"]
[White "Kalinina, Larisa"]
[Black "Juarez Flores, Gustavo Enrique"]
[Result "1-0"]
[WhiteElo "2131"]
[BlackElo "2108"]
[PlyCount "81"]
[EventDate "2020.08.04"]
[EventType "swiss (blitz)"]
[EventRounds "10"]
[EventCountry "USA"]
[SourceTitle "CBM 197 Extra"]
[Source "ChessBase"]
[SourceDate "2020.09.30"]
[SourceVersion "1"]
[SourceVersionDate "2020.09.30"]
[SourceQuality "1"]

1. e4 c5 2. Nf3 Nc6 3. d4 cxd4 4. Nxd4 Nf6 5. Nc3 e5 6. Ndb5 d6 7. Bg5 a6 8. Na3 b5 9. Nd5 Be7 10. Bxf6 Bxf6 11. c3 Bg5 12. Nc2 Rb8 13. Ncb4 Nxb4 14. Nxb4 0-0 15. Be2 Bb7 16. Bf3 Kh8 17. 0-0 g6 18. Qd3 Rc8 19. Rad1 Be7 20. Nd5 Bxd5 21. Qxd5 f5 22. Qb7 Rc4 23. exf5 gxf5 24. Qxa6 e4 25. Be2 Rc5 26. Bxb5 f4 27. Bc6 e3 28. Bf3 Ra5 29. Qd3 Rxa2 30. Qd4+ Bf6 31. Qxd6 Qxd6 32. Rxd6 Rxb2 33. fxe3 fxe3 34. c4 Be5 35. Rd5 e2 36. Bxe2 Rxf1+ 37. Bxf1 Bb8 38. g3 Ba7+ 39. Kh1 Be3 40. c5 Kg7 41. c6 1-0

[Event "Titled Tuesday intern op 14th July"]
[Site "Chess.com INT"]
[Date "2020.07.14"]
[Round "9"]
[White "Nastore, Pavel Alexandru"]
[Black "Juarez Flores, Gustavo Enrique"]
[Result "0-1"]
[WhiteElo "2234"]
[BlackElo "2108"]
[PlyCount "126"]
[EventDate "2020.07.14"]
[EventType "swiss (blitz)"]
[EventRounds "10"]
[EventCountry "USA"]
[SourceTitle "CBM 197 Extra"]
[Source "ChessBase"]
[SourceDate "2020.09.30"]
[SourceVersion "1"]
[SourceVersionDate "2020.09.30"]
[SourceQuality "1"]

1. e4 c5 2. Nf3 Nc6 3. d4 cxd4 4. Nxd4 Nf6 5. Nc3 e5 6. Ndb5 d6 7. Bg5 a6 8. Na3 b5 9. Bxf6 gxf6 10. Nd5 Bg7 11. c3 f5 12. Bd3 Be6 13. Nxb5 axb5 14. Bxb5 Rc8 15. Qa4 Bd7 16. exf5 0-0 17. 0-0 Nb8 18. Bxd7 Nxd7 19. Rfd1 Nf6 20. Ne3 Qc7 21. g4 h6 22. h4 Qc6 23. Qb4 Rfd8 24. g5 hxg5 25. hxg5 Nh5 26. f6 Nxf6 27. gxf6 Bxf6 28. Qg4+ Kf8 29. Nd5 Be7 30. Qh5 Ke8 31. Qh7 Qc4 32. Qg8+ Kd7 33. Nb6+ Ke6 34. Qxf7+ Kxf7 35. Nxc4 Rg8+ 36. Kf1 Rxc4 37. Rd3 Rh4 38. Ke2 Rg2 39. a4 Rhh2 40. Rf3+ Ke6 41. a5 Bh4 42. a6 Rxf2+ 43. Rxf2 Rxf2+ 44. Kd3 Rf8 45. a7 Ra8 46. b4 Bf2 47. b5 Rxa7 48. Rf1 Bc5 49. Kc4 Rb7 50. Rh1 e4 51. Rh6+ Ke5 52. Rh5+ Kf4 53. Rh6 e3 54. Kd3 Rxb5 55. Rf6+ Ke5 56. Rh6 Rb2 57. Rh5+ Kf4 58. Rh4+ Kg3 59. Rh8 Rd2+ 60. Kc4 e2 61. Rg8+ Kf2 62. Rf8+ Ke1 63. Rg8 Kd1 0-1

[Event "Titled Tuesday intern op 7th July"]
[Site "Chess.com INT"]
[Date "2020.07.07"]
[Round "5"]
[White "Juarez Flores, Gustavo Enrique"]
[Black "Hryzlova, Sofiia"]
[Result "1-0"]
[WhiteElo "2108"]
[BlackElo "1940"]
[PlyCount "79"]
[EventDate "2020.07.07"]
[EventType "swiss (blitz)"]
[EventRounds "10"]
[EventCountry "USA"]
[SourceTitle "CBM 197 Extra"]
[Source "ChessBase"]
[SourceDate "2020.09.30"]
[SourceVersion "1"]
[SourceVersionDate "2020.09.30"]
[SourceQuality "1"]

1. e4 c5 2. Nf3 Nc6 3. Bb5 e6 4. Bxc6 bxc6 5. 0-0 Ne7 6. d3 Ng6 7. Be3 d5 8. c4 Bd6 9. Na3 0-0 10. Nc2 f5 11. exf5 exf5 12. b4 cxb4 13. c5 f4 14. Bd4 Bc7 15. Nxb4 Bd7 16. Na6 Ba5 17. Rb1 Bc8 18. Nb4 Bxb4 19. Rxb4 Bg4 20. h3 Bf5 21. Ne5 Qc7 22. Re1 Rae8 23. Nxg6 Bxg6 24. Rxe8 Bxe8 25. Qg4 Bg6 26. Qe6+ Kh8 27. Qd6 Qxd6 28. cxd6 Rd8 29. Bxa7 Bxd3 30. Bc5 g5 31. Rb6 Bc4 32. a4 Ra8 33. Rb4 Rd8 34. a5 Kg7 35. Rb7+ Kf6 36. Rc7 Ra8 37. Bb6 Ke6 38. d7 Rd8 39. Rxc6+ Kxd7 40. Rh6 1-0

[Event "Titled Tuesday intern op 7th July"]
[Site "Chess.com INT"]
[Date "2020.07.07"]
[Round "2"]
[White "Mamedjarova, Turkan"]
[Black "Juarez Flores, Gustavo Enrique"]
[Result "1-0"]
[WhiteElo "2309"]
[BlackElo "2108"]
[PlyCount "67"]
[EventDate "2020.07.07"]
[EventType "swiss (blitz)"]
[EventRounds "10"]
[EventCountry "USA"]
[SourceTitle "CBM 197 Extra"]
[Source "ChessBase"]
[SourceDate "2020.09.30"]
[SourceVersion "1"]
[SourceVersionDate "2020.09.30"]
[SourceQuality "1"]

1. d4 g6 2. c4 Bg7 3. Nf3 d6 4. Nc3 Nf6 5. e4 0-0 6. h3 Nc6 7. Be3 e5 8. d5 Nb8 9. g4 a5 10. Qd2 Na6 11. Bd3 Nd7 12. Bh6 Ndc5 13. Bc2 Nb4 14. 0-0-0 f5 15. gxf5 gxf5 16. Rhg1 Rf7 17. Bxg7 Rxg7 18. Qh6 Qe7 19. Rxg7+ Qxg7 20. Rg1 Nbd3+ 21. Bxd3 Qxg1+ 22. Nxg1 Nxd3+ 23. Kd2 Nxf2 24. Qg5+ Kf7 25. exf5 Bd7 26. Nf3 Rg8 27. Qh5+ Kg7 28. Ng5 Bxf5 29. Qf7+ Kh6 30. Qxg8 Bg6 31. h4 Ng4 32. Ne6 Kh5 33. Qd8 h6 34. Ng7# 1-0